000 00905nmm a2200265 a 4500
001 ocm000785873
003 TR-IsHL
005 20201028143555.0
008 140417s2014 tu eng
007 cr cn
020 _a9781304926937
035 _a785873
_b(N$T)
050 0 4 _aND623.L5
_bA15 2014
090 0 4 _aND623.L5
_bA15 2014
100 1 _aLeonardo, da Vinci
245 1 0 _aThe notebooks of Leonardo da Vinci
_h[electronic resource] /
_cda Vinci Leonardo ; translated by Jean Paul Richter
260 _aİstanbul :
_bE-Kitap Projesi,
_c2014
300 _a615 p.
650 4 _aGüzel Sanatlar
650 4 _aFine Arts
650 0 _aLeonardo, da Vinci, 1452-1519
650 7 _aBIOGRAPHY & AUTOBIOGRAPHY / Artists, Architects, Photographers
_2bisacsh
700 1 _aRichter, Jean Paul
856 4 0 _uhttp://search.ebscohost.com/login.aspx?direct=true&scope=site&db=e011xww&AN=785873
999 _c8971
_d8971